000 00349nam a2200133Ia 4500
008 240624s9999 xx 000 0 und d
041 _aeng
082 _a658.4012 FIN
100 _aFINSKUD LARS
245 _aDEVELOPING WINNING BRAND STRATEGIES
260 _c2009
_aNew York
_bBusiness Expert Press
300 _a104 : p. : cm. ; 22
365 _c
_b30
999 _c27558
_d27558